Quiz o Jedliczu - Statystyki

Ogólne statystyki
  • Ten quiz został rozwiązany 45 razy
  • Średni wynik to 8 z 13
Statystyki odpowiedzi
Wskazówka Odpowiedź % Poprawnych
Województwo, w którym leży Jedlicze Podkarpackie
100%
Powiat, w którym leży Jedlicze Krośnieński
93%
Rafineria znajdująca się w Jedliczu Rafineria{Orlen Południe} - Jedlicze
80%
Wiek założenia Jedlicza XV
80%
Największa rzeka przepływająca przez Jedlicze Jasiołka
73%
W jakim województwie leżało Jedlicze w latach 1975–1998? Krośnieńskie
73%
Jedlicki klub piłkarski Nafta Jedlicze
73%
Jakiej poetki córki są pochowane na cmentarzu w Jedliczu? Maria Konopnicka
60%
Jakie pasmo górskie znajduje się najbliżej Jedlicza? Beskid Niski
53%
Kod pocztowy Jedlicza 38-460
47%
Mezoregion, w którym leży Jedlicze Kotlina Jasielsko-Krośnieńska
20%
Burmistrz Jedlicza Wojciech Tomkiewicz
20%
W Jedliczu działała Placówka AK Jaśmin, Jaga, OP-15, kto był jej dowudcą? Józef Domaniecki
13%
Nie znaleziono quizów pasujących do podanych kryteriów
Rozkład punktacji
Procent ludzi z każdym wynikiem
Percentyl według liczby udzielonych odpowiedzi
Twoja historia wyników
Nie rozwiązałeś tego quizu